LEADER 00909nam0-22003011i-450- 001 990003101900403321 035 $a000310190 035 $aFED01000310190 035 $a(Aleph)000310190FED01 035 $a000310190 100 $a20000920d1971----km-y0itay50------ba 101 0 $aita 102 $aIT 200 1 $a<>information numérique et la protection des libertés individuelles$fG.B.F. Niblett, OCDE. 210 $aParis$cOCDE$d1971. 215 $a62 p.$d24 cm 225 1 $aOCDE. tudes d'informatique$v2 676 $aA/5 702 1$aNiblett,$bG.B.F. 712 2$aOrganizzazione per la cooperazione e lo sviluppo economico 801 0$aIT$bUNINA$gRICA$2UNIMARC 901 $aBK 912 $a990003101900403321 952 $aA/5 INF$b4274/I$fSES 959 $aSES 996 $aInformation numérique et la protection des libertés individuelles$9462033 997 $aUNINA DB $aING01 LEADER 04280nam 2200697Ia 450 001 9910450978503321 005 20210614234138.0 010 $a1-280-50778-0 010 $a9786610507788 010 $a1-85359-899-2 024 7 $a10.21832/9781853598999 035 $a(CKB)1000000000337017 035 $a(EBL)265915 035 $a(OCoLC)475990377 035 $a(SSID)ssj0000137779 035 $a(PQKBManifestationID)11129818 035 $a(PQKBTitleCode)TC0000137779 035 $a(PQKBWorkID)10097069 035 $a(PQKB)10139113 035 $a(MiAaPQ)EBC265915 035 $a(DE-B1597)514063 035 $a(OCoLC)614467706 035 $a(DE-B1597)9781853598999 035 $a(Au-PeEL)EBL265915 035 $a(CaPaEBR)ebr10132111 035 $a(CaONFJC)MIL50778 035 $a(EXLCZ)991000000000337017 100 $a20060315d2006 uy 0 101 0 $aeng 135 $aurnn#---|u||u 181 $ctxt 182 $cc 183 $acr 200 00$aDeveloping minority language resources$b[electronic resource] $ethe case of Spanish in California /$fGuadalupe Valde s ... [et al.] 210 $aClevedon $cMultilingual Matters$d2006 215 $a1 online resource (340 p.) 225 0 $aBilingual Education & Bilingualism 300 $aDescription based upon print version of record. 311 0 $a1-85359-897-6 311 0 $a1-85359-898-4 320 $aIncludes bibliographical references. 327 $tFront matter --$tContents --$tAcknowledgments --$tIntroduction --$tChapter 1. Acquisition, Maintenance, and Recovery of Heritage Languages --$tChapter 2. Three Hundred?Plus Years of Heritage Language Education in the United States --$tChapter 3. The Spanish Language in California --$tChapter 4. The Use of Spanish by Latino Professionals in California --$tChapter 5. The Foreign Language Teaching Profession and the Challenges of Developing Language Resources --$tChapter 6. Secondary Spanish Heritage Programs in California --$tChapter 7. Postsecondary Spanish Heritage Programs in California --$tChapter 8. The Teaching of Heritage Languages --$tChapter 9. Imagining Linguistic Pluralism in the United States --$tMethodological Appendix 330 $aThis book documents ongoing language shift to English among Latino professionals in California 67% of which studied Spanish formally in high school and 54% of which studied Spanish in college. Taking into account the recommendations about the teaching of Spanish as a heritage language made by these professionals, the book then describes current instructional practices used in the teaching of Spanish as an academic subject at the high school and university levels to ?heritage? language students who, although educated entirely in English, acquired Spanish at home as their first language. The suggestions made by the Professionals concentrated almost exclusively on Spanish language maintenance (e.g., making cultural/historical connections; showing relevance and significance of language to students? lives, teaching other subjects in Spanish, teaching legal, medical, business terms in Spanish). The study of goals currently guiding instruction for heritage speakers of Spanish at both the high school and the college levels, on the other hand, raise questions about the potential contribution of educational institutions to the maintenance and retention of Spanish among the current Spanish-speaking population of California. 410 0$aBilingual Education and Bilingualism 606 $aSpanish language$xStudy and teaching (Secondary)$zCalifornia 606 $aSpanish language$xStudy and teaching (Higher)$zCalifornia 606 $aHispanic Americans$xEducation$zCalifornia 608 $aElectronic books. 615 0$aSpanish language$xStudy and teaching (Secondary) 615 0$aSpanish language$xStudy and teaching (Higher) 615 0$aHispanic Americans$xEducation 676 $a468.00712794 700 $aValdés$b Guadalupe, $4aut$4http://id.loc.gov/vocabulary/relators/aut$0877436 701 $aValde?s$b Guadalupe 801 0$bMiAaPQ 801 1$bMiAaPQ 801 2$bMiAaPQ 906 $aBOOK 912 $a9910450978503321 996 $aDeveloping minority language resources$92447304 997 $aUNINA LEADER 01092nam a2200313 i 4500 001 991000880689707536 005 20020507175130.0 008 951019s1981 us ||| | eng 020 $a0691082766 035 $ab10770306-39ule_inst 035 $aLE01303748$9ExL 040 $aDip.to Matematica$beng 082 0 $a514.7 084 $aAMS 18F25 100 1 $aRanicki, Andrew$060418 245 10$aExact sequences in the algebraic theory of surgery /$cby Andrew Ranicki 260 $aPrinceton, N.J. :$bPrinceton Univ. Press,$c1981 300 $axvii, 863 p. :$bill. ;$c24 cm. 490 0 $aMathematical notes ;$v26 500 $aBibliography: p. 843-861 650 0$aAlgebraic K-theory 650 0$aSequences 650 0$aSurgery 907 $a.b10770306$b23-02-17$c28-06-02 912 $a991000880689707536 945 $aLE013 18F RAN11 (1981)$g1$i2013000037912$lle013$o-$pE0.00$q-$rl$s- $t0$u0$v0$w0$x0$y.i10868690$z28-06-02 996 $aExact sequences in the algebraic theory of surgery$9922588 997 $aUNISALENTO 998 $ale013$b01-01-95$cm$da $e-$feng$gus $h0$i1 LEADER 00990nam a2200253 i 4500 001 991002230319707536 005 20020503162740.0 008 960416s1994 it ||| | ita 035 $ab10334853-39ule_inst 035 $aEXGIL100409$9ExL 040 $aBiblioteca Interfacoltà$bita 100 1 $aDi Vona, Piero$0159296 245 12$aI concetti trascendenti in Sebastian Izquierdo e nella Scolastica del Seicento /$cPiero Di Vona 260 $aNapoli :$bLoffredo,$cstampa 1994 300 $a464 p. ;$c22 cm. 490 0 $aLibertà della mente ;$v3 650 4$aIzquierdo, Sebastian 650 4$aScolastica$ySec. 17. 907 $a.b10334853$b21-02-17$c27-06-02 912 $a991002230319707536 945 $aLE002 Fil. X E 43$g1$i2002000532909$lle002$o-$pE0.00$q-$rl$s- $t0$u1$v0$w1$x0$y.i10393535$z27-06-02 996 $aConcetti trascendenti in Sebastian Izquierdo e nella Scolastica del Seicento$9199526 997 $aUNISALENTO 998 $ale002$b01-01-96$cm$da $e-$fita$git $h2$i1